The Project Management Forum (Record no. 119620)

MARC details
000 -LEADER
fixed length control field 00736cam a2200157 4500
001 - CONTROL NUMBER
control field WS108086
008 - FIXED-LENGTH DATA ELEMENTS--GENERAL INFORMATION
fixed length control field 000000n 000 0 eng u
035 ## - SYSTEM CONTROL NUMBER
System control number (Sirsi) u108086
041 ## - LANGUAGE CODE
Language code of text/sound track or separate title eng
110 ## - MAIN ENTRY--CORPORATE NAME
Corporate name or jurisdiction name as entry element The Project Management Forum
9 (RLIN) 3932
245 #4 - TITLE STATEMENT
Title The Project Management Forum
520 ## - SUMMARY, ETC.
Summary, etc. Site for this organisation which aims 'to support the pursuit of project management knowledge and understanding'. It gives a directory of project management organisations, a list of worldwide standards, a research directory, a directory of software vendors and a list of worldwide journals.
690 ## - LOCAL SUBJECT ADDED ENTRY--TOPICAL TERM (OCLC, RLIN)
Topical term or geographic name as entry element Project management
9 (RLIN) 6261
856 40 - ELECTRONIC LOCATION AND ACCESS
Uniform Resource Identifier <a href="https://www.pmforum.org">https://www.pmforum.org</a>
Public note View the website free of charge at www.pmforum.org...
942 ## - ADDED ENTRY ELEMENTS (KOHA)
Suppress in OPAC 0
Holdings
Withdrawn status Lost status Source of classification or shelving scheme Damaged status Not for loan Home library Current library Shelving location Date acquired Total Checkouts Full call number Barcode Date last seen Copy number Price effective from Koha item type
    Dewey Decimal Classification     Virtual Virtual Online 30/08/2000   WEB SITE 108086-2001 06/08/2019 1 06/08/2019 Online material